<?xml version="1.0" encoding="UTF-8"?>
<record
    xmlns:xsi="http://www.w3.org/2001/XMLSchema-instance"
    xsi:schemaLocation="http://www.loc.gov/MARC21/slim http://www.loc.gov/standards/marcxml/schema/MARC21slim.xsd"
    xmlns="http://www.loc.gov/MARC21/slim">

  <leader>00983cam a22002657a 4500</leader>
  <controlfield tag="003">MX-MxUPN</controlfield>
  <controlfield tag="005">20260430150311.0</controlfield>
  <controlfield tag="008">250826s2012    mx|a|||| |||| 000 0 spa d</controlfield>
  <datafield tag="020" ind1=" " ind2=" ">
    <subfield code="a">9786074259865</subfield>
  </datafield>
  <datafield tag="040" ind1=" " ind2=" ">
    <subfield code="a">MX-MxUPN</subfield>
    <subfield code="b">spa</subfield>
  </datafield>
  <datafield tag="041" ind1="0" ind2=" ">
    <subfield code="a">spa</subfield>
    <subfield code="a">Wix&#xE1;rika</subfield>
  </datafield>
  <datafield tag="050" ind1=" " ind2="4">
    <subfield code="a">SB251 M6</subfield>
    <subfield code="b">P47 2012</subfield>
  </datafield>
  <datafield tag="100" ind1="1" ind2=" ">
    <subfield code="a">Mendoza P&#xE9;rez, Claudia</subfield>
    <subfield code="9">59463</subfield>
  </datafield>
  <datafield tag="100" ind1="1" ind2=" ">
    <subfield code="a">Tovar G&#xF3;mez, Ma. del Rosario </subfield>
    <subfield code="9">59464</subfield>
  </datafield>
  <datafield tag="100" ind1="1" ind2=" ">
    <subfield code="a">Avil&#xE9;s Quezada, Mar&#xED;a Victoria</subfield>
    <subfield code="9">37359</subfield>
  </datafield>
  <datafield tag="100" ind1="1" ind2=" ">
    <subfield code="a">Tovar G&#xF3;mez, Marcela</subfield>
    <subfield code="9">40914</subfield>
  </datafield>
  <datafield tag="100" ind1="1" ind2=" ">
    <subfield code="a">Guzm&#xE1;n Mayo, Josu&#xE9; </subfield>
    <subfield code="9">59465</subfield>
  </datafield>
  <datafield tag="245" ind1="1" ind2="0">
    <subfield code="a">Kuiemuxa :</subfield>
    <subfield code="b">algod&#xF3;n nativo de M&#xE9;xico  = Kuiemuxa : yeut&#xE1;naka Mekiku muti y+y+ra</subfield>
  </datafield>
  <datafield tag="250" ind1=" " ind2=" ">
    <subfield code="a">Primera edici&#xF3;n </subfield>
  </datafield>
  <datafield tag="260" ind1=" " ind2=" ">
    <subfield code="a">Tepatitl&#xE1;n de Morelos, Jalisco :</subfield>
    <subfield code="b">Instituto Nacional de Investigaciones Forestales, Agr&#xED;colas y Pecuarias , </subfield>
    <subfield code="c">2012</subfield>
  </datafield>
  <datafield tag="300" ind1=" " ind2=" ">
    <subfield code="a">36 p&#xE1;ginas : </subfield>
    <subfield code="b">ilustraciones a color </subfield>
  </datafield>
  <datafield tag="650" ind1=" " ind2="4">
    <subfield code="a">Algod&#xF3;n </subfield>
    <subfield code="z">M&#xE9;xico </subfield>
    <subfield code="9">59462</subfield>
  </datafield>
  <datafield tag="902" ind1=" " ind2=" ">
    <subfield code="a">MarielOrtiz/260825</subfield>
    <subfield code="b">V&#xED;ctorGod&#xED;nez/300426</subfield>
  </datafield>
  <datafield tag="942" ind1=" " ind2=" ">
    <subfield code="2">lcc</subfield>
    <subfield code="c">LIBRO</subfield>
  </datafield>
  <datafield tag="952" ind1=" " ind2=" ">
    <subfield code="0">0</subfield>
    <subfield code="1">0</subfield>
    <subfield code="2">lcc</subfield>
    <subfield code="4">0</subfield>
    <subfield code="7">0</subfield>
    <subfield code="8">CG</subfield>
    <subfield code="a">BCUPN50</subfield>
    <subfield code="b">BCUPN50</subfield>
    <subfield code="c">CG</subfield>
    <subfield code="d">2025-08-26</subfield>
    <subfield code="l">0</subfield>
    <subfield code="o">SB251 M6 P47 2012</subfield>
    <subfield code="p">340805</subfield>
    <subfield code="r">2025-08-26 11:56:19</subfield>
    <subfield code="w">2025-08-26</subfield>
    <subfield code="y">LIBRO</subfield>
  </datafield>
  <datafield tag="999" ind1=" " ind2=" ">
    <subfield code="c">213877</subfield>
    <subfield code="d">213877</subfield>
  </datafield>
</record>
